5 most populous cities for each letter - Statistics

General Stats
  • This quiz has been taken 35 times
  • The average score is 47 of 130
Answer Stats
Population City % Correct
N 8,175,133 New York City
94%
T 8,336,599 Tokyo
84%
B 11,716,620 Beijing
81%
M 10,381,222 Moscow
81%
R 6,023,699 Rio de Janeiro
78%
S 10,021,295 Sao Paulo
78%
L 7,556,900 London
75%
L 3,971,883 Los Angeles
75%
S 22,315,474 Shanghai
75%
B 5,104,476 Bangkok
72%
C 7,734,614 Cairo
72%
D 10,927,986 Delhi
72%
J 8,540,121 Jakarta
69%
J 2,026,469 Johannesburg
69%
M 12,294,193 Mexico City
69%
M 12,691,836 Mumbai
69%
O 2,592,413 Osaka
69%
W 1,702,139 Warsaw
69%
B 7,674,366 Bogota
66%
G 11,071,424 Guangzhou
66%
I 14,804,116 Istanbul
66%
L 9,000,000 Lagos
66%
N 2,750,547 Nairobi
66%
P 2,138,551 Paris
66%
S 10,349,312 Seoul
66%
B 13,076,300 Buenos Aires
63%
K 4,631,392 Kolkata
63%
L 7,737,002 Lima
63%
R 2,318,895 Rome
63%
T 7,153,309 Tehran
63%
X 6,501,190 Xi'an
63%
H 3,467,331 Ho Chi Minh City
59%
K 11,624,219 Karachi
59%
R 4,205,961 Riyadh
59%
C 4,328,063 Chennai
56%
D 10,356,500 Dhaka
56%
K 7,785,965 Kinshasa
56%
M 3,255,944 Madrid
56%
Q 1,399,814 Quito
56%
U 844,818 Ulan Bator
56%
A 3,517,182 Ankara
53%
L 6,310,888 Lahore
53%
W 9,785,388 Wuhan
53%
C 7,457,600 Chongqing
50%
H 7,012,738 Hong Kong
50%
A 2,757,729 Addis Ababa
47%
A 3,719,710 Ahmedabad
47%
A 3,811,516 Alexandria
47%
B 7,216,000 Baghdad
47%
C 7,415,590 Chengdu
47%
G 1,495,182 Guadalajara
47%
T 7,871,900 Taipei
44%
H 3,597,816 Hyderabad
41%
J 2,867,446 Jeddah
41%
N 7,165,292 Nanjing
41%
S 10,358,381 Shenzhen
41%
V 1,691,468 Vienna
41%
X 3,531,347 Xiamen
41%
Y 1,299,369 Yaounde
41%
P 3,222,000 Pyongyang
38%
T 11,090,314 Tianjin
38%
U 3,029,372 Urumqi
38%
P 2,935,744 Pune
34%
Y 4,477,638 Yangon
34%
E 712,391 Edmonton
31%
H 6,241,971 Hangzhou
31%
I 2,500,603 Izmir
31%
J 2,711,758 Jaipur
31%
Q 3,718,835 Qingdao
31%
U 1,033,338 Ufa
31%
Z 4,253,913 Zhengzhou
31%
K 3,855,346 Kunming
28%
M 4,246,375 Melbourne
28%
O 1,086,505 Ouagadougou
28%
S 6,255,921 Shenyang
28%
A 3,677,115 Abidjan
25%
F 2,506,595 Faisalabad
25%
I 3,565,108 Ibadan
25%
K 3,626,068 Kano
25%
Y 1,349,772 Yekaterinburg
25%
D 4,087,733 Dalian
22%
D 3,120,282 Durban
22%
F 2,400,000 Fortaleza
22%
G 1,952,029 Guayaquil
22%
H 5,878,939 Harbin
22%
J 4,335,989 Jinan
22%
R 1,655,753 Rabat
22%
W 865,672 Wenzhou
22%
Y 3,574,443 Yokohama
22%
F 1,392,289 Fukuoka
19%
P 1,896,548 Perth
19%
V 1,385,083 Valencia
19%
D 8,000,000 Dongguan
16%
E 681,124 El Paso
16%
N 3,491,597 Ningbo
16%
O 1,129,281 Omsk
16%
Q 2,761,720 Quezon City
16%
W 634,893 Wroclaw
16%
Z 3,129,228 Zibo
16%
C 4,193,073 Changchun
13%
E 932,800 Erbil
13%
F 3,600,000 Foshan
13%
G 2,443,203 Giza
13%
I 2,628,000 Incheon
13%
R 1,743,101 Rawalpindi
13%
V 1,164,404 Varanasi
13%
W 3,543,719 Wuxi
13%
I 1,837,041 Indore
9%
O 1,200,000 Omdurman
9%
Q 900,000 Qom
9%
U 962,865 Ulsan
6%
V 1,409,476 Vadodara
6%
G 1,416,938 Gwangju
3%
U 640,680 Ulyanovsk
3%
Z 1,142,483 Zapopan
3%
Z 3,121,275 Zhongshan
3%
E 1,655,015 Ecatepec de Morelos
0%
E 688,862 Enugu
0%
F 1,400,646 Fushun
0%
N 7,150,000 Nanchong
0%
O 1,940,653 Ordos
0%
P 3,590,000 Puyang
0%
Q 882,364 Qiqihar
0%
T 5,499,000 Tai'an
0%
V 1,063,178 Visakhapatnam
0%
X 1,034,081 Xianyang
0%
X 1,590,668 Xinyang
0%
X 1,265,536 Xuchang
0%
Y 2,612,800 Yunfu
0%
Z 1,000,000 Zhu Cheng City
0%
No matching quizzes found
Score Distribution
Percent of People with Each Score
Percentile by Number Answered
Your Score History
You have not taken this quiz